| 000 | 00347nam a2200133 a 4500 | ||
|---|---|---|---|
| 001 | 000023986 | ||
| 005 | 20200930022625.0 | ||
| 008 | 110118s2006 sp a 000 0 spa d | ||
| 020 | _a9972209121 | ||
| 040 |
_aDO-SdBNP _bspa _cBNPHU |
||
| 245 | 0 | 0 | _aFórmulas matemáticas. |
| 260 |
_aBarcelona : _bLexus, _c2006. |
||
| 300 |
_a271 p. : _bils. ; _c29 cm. |
||
| 999 |
_c23481 _d23481 |
||